Monheim's Local Anesthesia and pain control in Dental practice (Record no. 22710)

MARC details
000 -LEADER
fixed length control field 00453nam a22001697a 4500
003 - CONTROL NUMBER IDENTIFIER
control field SGT
020 ## - INTERNATIONAL STANDARD BOOK NUMBER
International Standard Book Number 9789387085824
082 ## - DEWEY DECIMAL CLASSIFICATION NUMBER
Classification number 617.966
Item number M90B
100 ## - MAIN ENTRY--PERSONAL NAME
Personal name Bennett, C. Richard
245 ## - TITLE STATEMENT
Title Monheim's Local Anesthesia and pain control in Dental practice
250 ## - EDITION STATEMENT
Edition statement 7th
260 ## - PUBLICATION, DISTRIBUTION, ETC. (IMPRINT)
Place of publication, distribution, etc New Delhi, India
Name of publisher, distributor, etc CBS Publishers & Distributers
Year of Publication 1990
300 ## - PAGE DESCRIPTION
No. of Pages 404
650 ## - SUBJECT ADDED ENTRY--TOPICAL TERM
Topical term or geographic name as entry element Local Anesthesia
653 ## - KEYWORDS--INDEX TERM
Keyword term Local Anesthesia
942 ## - ADDED ENTRY ELEMENTS (KOHA)
Source of classification or shelving scheme Dewey Decimal Classification
Koha item type Books
942 ## - ADDED ENTRY ELEMENTS (KOHA)
-- 204
Holdings
Withdrawn status Lost status Source of classification or shelving scheme Damaged status Not for loan Home library Current library Date acquired Vendor Name Cost, normal purchase price SGTU Bill Number Total Checkouts Total Renewals Full call number Accession No. (Barcode) Date last seen Date last borrowed Bill Date Koha item type Checked out
    Dewey Decimal Classification     SGT Dental Library SGT Dental Library 11/05/2022 Ahuja Book Co. Pvt. Ltd. 795.00 SGTU 14353 28 1 617.966 M90B FD8639 20/02/2024 13/02/2024 16/04/2022 Books  
    Dewey Decimal Classification     SGT Dental Library SGT Dental Library 11/05/2022 Ahuja Book Co. Pvt. Ltd. 795.00 SGTU 14353 73   617.966 M90B FD8640 04/06/2026 04/06/2026 16/04/2022 Books 18/06/2026
    Dewey Decimal Classification     SGT Dental Library SGT Dental Library 11/05/2022 Ahuja Book Co. Pvt. Ltd. 795.00 SGTU 14353 41   617.966 M90B FD8641 28/10/2024 24/02/2024 16/04/2022 Books  
    Dewey Decimal Classification     SGT Dental Library SGT Dental Library 11/05/2022 Ahuja Book Co. Pvt. Ltd. 795.00 SGTU 14353 40   617.966 M90B FD8642 23/03/2026 23/03/2026 16/04/2022 Books  
    Dewey Decimal Classification     SGT Dental Library SGT Dental Library 11/05/2022 Ahuja Book Co. Pvt. Ltd. 795.00 SGTU 14353 55 1 617.966 M90B FD8643 04/11/2025 18/10/2025 16/04/2022 Books